Tiếng việt cho người nước ngoài trình độ nâng cao
luyện tập thêm ngôn ngữ việt cho người nước ngoài
Bewaard in:
| Hoofdauteur: | |
|---|---|
| Andere auteurs: | , |
| Formaat: | Boek |
| Taal: | Vietnamese |
| Gepubliceerd in: |
Hà Nội
Đại học quốc gia Hà Nội
2005
|
| Editie: | In lần thứ 2 |
| Onderwerpen: | |
| Tags: |
Voeg label toe
Geen labels, Wees de eerste die dit record labelt!
|
| Thư viện lưu trữ: | Trung tâm Học liệu Lê Vũ Hùng, Trường Đại học Đồng Tháp |
|---|
| LEADER | 01441pam a22002898a 4500 | ||
|---|---|---|---|
| 001 | 00028114 | ||
| 005 | 20171026081023.0 | ||
| 008 | 120217s2005 ||||||viesd | ||
| 020 | # | # | |c 30400 |
| 041 | 0 | # | |a vie |
| 082 | 1 | 4 | |a 495.922 |b T306V |
| 100 | 1 | # | |a Trịnh, Đức Hiển |e Chủ biên |
| 245 | 1 | 0 | |a Tiếng việt cho người nước ngoài trình độ nâng cao |c Trịnh Đức Hiển, Đinh Thanh Huê, Đỗ Thị Thu |
| 246 | 0 | 1 | |a Vietnamese for foreigners Intermediate Level |
| 250 | # | # | |a In lần thứ 2 |
| 260 | # | # | |a Hà Nội |b Đại học quốc gia Hà Nội |c 2005 |
| 300 | # | # | |a 268tr. |c 24cm. |
| 520 | # | # | |a luyện tập thêm ngôn ngữ việt cho người nước ngoài |
| 653 | # | # | |a Tiếng Việt |a ngôn ngữ |a phương pháp học |
| 700 | 1 | # | |a Đinh, Thanh Huệ |e đồng chủ biên |
| 700 | 1 | # | |a Trịnh, Đức Hiển |e chủ biên |
| 700 | 1 | # | |a Đỗ, Thị Thu |e chủ biên |
| 852 | # | # | |b Kho mượn |j KM.0004263, KM.0011180, KM.0010438, KM.0011370, KM.0011371, KM.0010270, KM.0000614, KM.0010265, KM.0010886, KM.0002000 |
| 852 | # | # | |b Kho đọc |j KD.0012524 |
| 852 | # | # | |j KD.0012524 |j KM.0004263 |j KM.0011180 |j KM.0010438 |j KM.0011371 |j KM.0000614 |j KM.0010265 |j KM.0010886 |j KM.0002000 |j KM.0011370 |j KM.0010270 |
| 910 | 0 | # | |a ngan |d 17/02/2012 |
| 980 | # | # | |a Trung tâm Học liệu Lê Vũ Hùng, Trường Đại học Đồng Tháp |